000 00470nam a22001817a 4500
003 BD-ChCU
005 20260208142856.0
008 260208b bg ||||| |||| 00| 0 ben d
040 _cBD-ChCU
082 _a330.1 TAP
100 _aTaussig , F . W.
_920182
245 _aPrinciples of economics ./
_cF.W. Taussig .
250 _a3rd rev . ed.
260 _aNew York :
_bMacmillan
_cC 1934
300 _a2 vols.
650 0 _aEconomics
_920183
942 _2ddc
_cBK
_n0
999 _c111528
_d111528